000 00753nam a2200217Ii 4500
003 JO-AjNU
008 230605s9999||||xx |||||||||||||| ||und||
020 _a9953-411-83-3
040 _aJO-AjNU
_bara
_erda
_cJO-AjNU
041 _aara
050 1 4 _aPQ9698.I8.A86.D6512 2002
100 3 _aحاطوم، ميلتون ؛ نقلة إلى البرتغالية صفاء أبو شهلا جبران,
_eauthor
_918808
245 0 0 _aشقيقان: رواية
250 _aط1
264 3 1 _aبيروت: دار الفارابي، 2002
300 _a255ص
336 _atext
_btxt
_2rdacontent
337 _aunmediated
_bn
_2rdamedia
338 _avolume
_bnc
_2rdacarrier
650 4 _aالأدب العربي - ترجمة - روايات برتغالية
_918809
999 _aA6085
_c9653
_d9653